Регионална библиотека "Любен Каравелов" - Русе

Марина и кракенът (Запис номер 492823)

MARC детайли
000 -Лидер
Лидер 01140nam a2200301 a 4500
003 - Код на организацията, давaща контролен номер
Код на организацията, даваща контролен номер BLK
005 - Дата и час на последна редакция
Дата и час на последна редакция 20240527175429.0
007 - Фиксирано поле за физическо описани
Физическо описание ta
008 - Елементи от данни с фиксирана дължина
Елементи с фиксирана дължина 230712b bu |||||r|||| 00| | bu d
020 ## - Международен стандартен номер на книга ISBN
ISBN 9786199189962
040 ## - Източник на каталожния запис
Код на библиотеката BLK
041 ## - Код за език
Език Български
Език за КДБФ Български
080 ## - УДК
9 (RLIN) 226869
УДК текст Английска литература
УДК код 821.111
УДК – определител (73)-93-312.9
УДК – код + определител 821.111(73)-93-312.9
084 ## - Класификационен индекс по друга класификация
Авторски знак Маг - М 13
100 ## - Редна дума - Автор
R(LIN) 488346
Автор Магазинър, Лорън
245 ## - Сведения за заглавието
Заглавие Марина и кракенът
Авторска отговорност Лорън Магазинър ; ил. Мирел Ортега ; прев. Ана Пипева
246 ## - Различни форми на заглавието
Различни форми на заглавието Marina and the kraken
260 ## - Област на издателските данни
9 (RLIN) 470442
Място на издаване София
Име на издателя Лютиче
Година на издаване 2023
Печатница [София] : Симолини 94
300 ## - Физическа характеристика
Брой страници 144 с.
Илюстрации с ил.
Размер 21 см
380 ## - Жанр
Жанр Худож. лит.
500 ## - Общи забележки
Обща забележка Ориг. загл.: Marina and the kraken / Lauren Magaziner<br/>Кн. 1 от поредицата Митичните
700 ## - Други автори (авторска отговорност)
9 (RLIN) 599
Друг автор Ортега, Мирел
Авт. отговорност на др. автор ил.
852 ## - Местоположение
Сигнатура (форматна) Цб 318780
Отдел Хранилище
856 ## - Електронен адрес и достъп
Инструкция (цена за достъп) 0.00
Права за достъп disable
942 ## - АРТИКУЛИ
Вид на библиотечния документ Книги
Скрит в OPAC Не
Koha issues (borrowed), all copies 12
944 ## - СЪЗДАВАНЕ И РЕДАКЦИЯ на ЗАПИСА
Дата на регистрацията/редакция Моника Янева
Служител, извършил регистрацията/редакцията 30543
Номер на служител Ива Цветкова
999 ## - СИСТЕМНИ КОНТРОЛНИ НОМЕРА
Koha biblionumber 492823
Koha biblioitemnumber 492823
999 ## - СИСТЕМНИ КОНТРОЛНИ НОМЕРА
Koha biblioitemnumber 492823
Наличности
Код за отписване Код за изгубен артикул Източник на класификационната схема Код за повреда Коз за рестрикции Код за отдаване Артикулен № Име на библиотеката - собственик Име на библиотеката, в която се намира в момента Статус (Текущо местоположение) Дата на вписване в системата Местоположение - отдел Цена в лева Инвентарен номер Систематично азбучна сигнатура Баркод Цена в евро Служебен тип на артикула
  Не е изгубен Universal Decimal Classification Не е повреден само за читалня ползва се в читалня 930368 Регионална библиотека "Любен Каравелов" Русе Регионална библиотека "Любен Каравелов" Русе Хранилище 2023-07-17 Хранилище 14.90 120000889854 Цб 318780 120000889854 7.62 Книги
  Не е изгубен Universal Decimal Classification Не е повреден   заемане за дома 933293 Регионална библиотека "Любен Каравелов" Русе Регионална библиотека "Любен Каравелов" Русе Детски отдел 2023-09-11 Детски отдел 11.17 120000892461 821-93/М 13 Л 120000892461 5.71 Книги
  Не е изгубен Universal Decimal Classification Не е повреден   заемане за дома 933294 Регионална библиотека "Любен Каравелов" Русе Регионална библиотека "Любен Каравелов" Русе Детски отдел 2023-09-11 Детски отдел 11.17 120000892462 821-93/М 13 Л 120000892462 5.71 Книги
Vip Innovations Ltd, Rousse, Bulgaria 2025